000 00577nam a2200181 a 4500
001 000015217
005 20200929164001.0
008 100203s2009 dr a 000 0 spa d
020 _a9789993497394
040 _aDO-SdBNP
_bspa
_cBNPHU
082 _axxxx
_bN322c
100 1 _aNavarro Galicia, Maritza
_934446
245 1 0 _aCuando las almendras maduran /
_cMartiza Navarro Galicia ; ilustración Víctor Fco. Aquino.
260 _aSanto Domingo :
_bEditora De Luxe,
_c2009.
300 _a48 p. :
_bil. ;
_c28 cm.
700 1 _aAquino, Víctor Fco.,
_eil.
_934447
049 _aBNPD
999 _c14787
_d14787